Kamusi ya Kiswahili-Kingereza (Record no. 1483)
| 000 -LEADER | |
|---|---|
| fixed length control field | 00556nam a22001697a 4500 |
| 003 - CONTROL NUMBER IDENTIFIER | |
| control field | OSt |
| 005 - DATE AND TIME OF LATEST TRANSACTION | |
| control field | 20150204114503.0 |
| 008 - FIXED-LENGTH DATA ELEMENTS--GENERAL INFORMATION | |
| fixed length control field | 150204b xxu||||| |||| 00| 0 eng d |
| 020 ## - INTERNATIONAL STANDARD BOOK NUMBER | |
| International Standard Book Number | 9976911440 |
| 050 ## - LIBRARY OF CONGRESS CALL NUMBER | |
| Classification number | [REF] PL 8703 .T855 |
| 110 ## - MAIN ENTRY--CORPORATE NAME | |
| Corporate name or jurisdiction name as entry element | Taasisi Ya Uchunguzi Wa Kiswahili Chuo Kikuu Cha Dar es salaam. |
| 245 ## - TITLE STATEMENT | |
| Title | Kamusi ya Kiswahili-Kingereza |
| Statement of responsibility, etc | Taasisi Ya Uchunguzi Wa Kiswahili Chuo Kikuu Cha Dar es salaam. |
| 260 ## - PUBLICATION, DISTRIBUTION, ETC. (IMPRINT) | |
| Place of publication, distribution, etc | Dar es salaam : |
| Name of publisher, distributor, etc | TUKI, |
| Date of publication, distribution, etc | 2001 |
| 300 ## - PHYSICAL DESCRIPTION | |
| Extent | 372 p. |
| 650 ## - SUBJECT ADDED ENTRY--TOPICAL TERM | |
| Topical term or geographic name as entry element | Swahili language -- Dictionaries |
| 942 ## - ADDED ENTRY ELEMENTS (KOHA) | |
| Source of classification or shelving scheme | |
| Koha item type | Reference material |
| Withdrawn status | Lost status | Source of classification or shelving scheme | Damaged status | Not for loan | Home library | Current library | Date acquired | Total Checkouts | Full call number | Barcode | Date last seen | Copy number | Price effective from | Koha item type |
|---|---|---|---|---|---|---|---|---|---|---|---|---|---|---|
| Riara University Library | Riara University Library | 04/02/2015 | REF PL 8703 .T855 | 5262/15 | 04/02/2015 | C.1 | 04/02/2015 | Reference material |
